Most Forested Countries with Exceptions - Statistics

General Stats
  • This quiz has been taken 35 times
  • The average score is 9 of 15
Answers on the Map
Answers color-coded by a green-red scale on the quiz's map according to % correct below.
 
Answer Stats
Hint Answer % Correct
60 Brazil
96%
94 Guyana
73%
57 Dem. Rep. of Congo
69%
74 Finland
69%
64 Rep. of Congo
69%
98 Suriname
69%
68 Sweden
69%
57 Peru
65%
79 Papua New Guinea
62%
90 Gabon
54%
59 Malaysia
50%
68 Japan
42%
72 Laos
38%
65 South Korea
27%
61 Zambia
27%
No matching quizzes found
Score Distribution
Percent of People with Each Score
Percentile by Number Answered
Your Score History
You have not taken this quiz